00421 2200157 4500001002100000005001500021035002000036245005900056100001600115250001700131300003200148260003500180082001000215084001600225020002200241INLIS00000000000043720240630073907 a0010-06240001461 aMembuat Pesawat Sendiri dan Prakarya SD /cNur Rokhman0 aNur Rokhman acetakan ke-1 aiv, 44 hlm :bilus ;c21 cm aJakarta :bGaneca Exact,c2007 a745.5 a745.5 NUR m a978-979-571-451-4